The Practice of Pronouncing Ta'liq after the Solemnisation of marriage in Selangor: An Analytical juristic study
Saved in:
| 主要作者: | |
|---|---|
| 格式: | 圖書 |
| 標簽: |
添加標簽
沒有標簽, 成為第一個標記此記錄!
|
| LEADER | 00731nam a2200121 4500 | ||
|---|---|---|---|
| 040 | |a LCC | ||
| 100 | |9 575462 |a Yusra Binti Muhammad Noor Choliq | ||
| 245 | |a The Practice of Pronouncing Ta'liq after the Solemnisation of marriage in Selangor: An Analytical juristic study | ||
| 264 | |a Gombak, Selangor |b Abdul Hamid Abu Sulayman Kulliyyah of Islamic Revealed Knowledge and Human Sciences, International Islamic University Malaysia |c 2022 | ||
| 942 | |2 lcc | ||
| 999 | |c 516378 |d 547795 | ||
| 952 | |0 0 |1 0 |2 lcc |4 0 |7 5 |8 IIUMTHESIS |9 1016139 |a IIUM |b IIUM |c THESIS |d 2023-06-15 |e MGIFT |p 11100476758 |r 2023-06-15 |w 2023-06-15 |y THESIS | ||
| 952 | |0 0 |1 0 |2 lcc |4 0 |7 5 |8 THESISSOFTCOPY |9 1016141 |a IIUM |b IIUM |c THESIS |d 2023-06-15 |e MGIFT |p 11100476759 |r 2023-06-15 |w 2023-06-15 |y THESISDIG | ||
